000 01986nam a2200277Ia 4500
999 _c51749
_d51749
001 18741
003 GE_BSU
005 20220919170021.0
008 181216s2013||||ge |||||||||||||| ||geo||
040 _cGE_BSU
041 _ageo
080 _a61 დ-15
100 _aდავითაშვილი, დავით
_962
245 _aოქსიდაციური სტრესის როლი თავის ტვინის ნეიროდეგენერაციული დაზიანებების დროს და მისი მოდულაცია : დისერტაცია /
_cდავით დავითაშვილი; სამეცნიერო ხელმძღვანელი თამარ სანიკიძე, ნატალია პავლიაშვილი; თბილისის სახელმწიფო სამედიცინო უნივერსიტტი.
264 _aთბილისი,
_c2013.
300 _a167 გვ. ;
_b30 სმ.
653 _aდისერტაცია
653 _aმედიცინა
653 _aოქსიდაციური სტრესის როლი თავის ტვინის ნეიროდეგენერაციული დაზიანაბების დროს და მისი მოდულაცია
653 _aნევროლოგია
653 _a გაფანტული სკლეროზი
700 _aსანიკიძე, თამარ
_eსამეცნიერო ხელმძღვანელი
_911300
700 _aპავლიაშვილი, ნატალია
_eსამეცნიერო ხელმძღვანელი
_911506
710 _aთბილისის სახელმწიფო სამედიცინო უნივერსიტტი.
_911507
942 _cBK
_2udc